Oxford Dictionaries Top 1000 English Words - 115 Are 3 Letters Long Or Shorter - Statistics

General Stats
  • This quiz has been taken 8,682 times
  • The average score is 64 of 115
Answer Stats
Words % Correct
A
100%
I
99%
To
94%
Be
93%
He
93%
On
93%
Do
92%
No
92%
As
90%
In
90%
We
90%
At
89%
Me
89%
Go
87%
It
86%
And
84%
Of
84%
So
84%
Her
83%
My
82%
You
82%
By
80%
She
80%
The
78%
Us
78%
If
76%
For
75%
All
74%
Can
74%
Or
74%
Him
73%
His
72%
Not
72%
Two
71%
One
70%
See
70%
But
69%
Up
68%
Too
67%
Get
66%
Let
65%
Why
64%
Our
63%
Yes
63%
Who
62%
Say
61%
Man
58%
How
57%
Ten
57%
Out
55%
Put
55%
Sit
54%
Ask
53%
Add
52%
Off
52%
Eat
51%
Art
50%
Now
50%
Age
49%
Car
49%
Six
49%
Yet
49%
Any
48%
Set
48%
Top
48%
Day
47%
Its
47%
Act
46%
Buy
46%
Lie
46%
Far
45%
May
45%
Boy
44%
New
44%
Aim
43%
Bad
43%
Try
43%
Win
43%
Hit
42%
Lot
42%
Use
42%
Old
41%
Way
41%
End
40%
Eye
40%
Low
40%
Run
40%
Ago
39%
Arm
39%
Pay
39%
Bar
38%
Air
37%
Die
37%
Fit
37%
Son
37%
Big
35%
Cut
30%
Own
30%
Fly
29%
War
29%
Fan
28%
Sex
28%
Fun
25%
Per
25%
Few
24%
Kid
24%
Guy
22%
Key
22%
Law
22%
Job
21%
Oil
21%
Box
17%
Due
17%
Mix
15%
Tax
14%
No matching quizzes found
Score Distribution
Percent of People with Each Score
Percentile by Number Answered
Your Score History
You have not taken this quiz